Crecimiento y desarrollo: economía e historia reflexiones sobre el caso español

Αποθηκεύτηκε σε:
Λεπτομέρειες βιβλιογραφικής εγγραφής
Κύριος συγγραφέας: Vilar, Pierre (Συγγραφέας)
Μορφή: Βιβλίο
Γλώσσα:Ισπανικά
Έκδοση: Barcelona Ariel 1983
Έκδοση:5a. ed
Σειρά:Ariel historia
Θέματα:
Ετικέτες: Προσθήκη ετικέτας
Δεν υπάρχουν, Καταχωρήστε ετικέτα πρώτοι!

MARC

LEADER 00000nam a2200000 a 4500
001 UCY0472
003 CL-VaPUC
008 940802e19830000SP |||||||||||||||||spa|d
082 0 4 |a 330.946  |b VIL  |2 21 
100 0 |a Vilar, Pierre  |e author  |9 328200 
245 1 0 |a Crecimiento y desarrollo: economía e historia reflexiones sobre el caso español 
250 |a 5a. ed 
300 |a 422 p 
942 |c BK 
945 |d 19940802 00:00:00  |a rbrito 
260 |a Barcelona  |b Ariel  |c 1983 
650 0 |a Desarrollo económico  |9 259599 
650 0 |a Condiciones económicas  |9 258255 
651 0 |a España  |9 254926 
583 |a last modification  |c 19940802 00:00:00  |k Rodrigo Vera 
490 0 |a Ariel historia 
999 |c 229465  |d 229463 
952 |0 0  |1 0  |4 0  |6 330_946000000000000_VIL_1983  |7 0  |8 P  |9 230649  |a BIBEDU  |b BIBEDU  |c BIBEDU_PB  |d 2019-11-15  |i 2997711  |o 330.946 VIL 1983  |p 2997711  |r 2024-01-25  |w 2019-11-15  |y BK  |k EDU 
952 |0 0  |1 0  |4 0  |6 330_946000000000000_VIL_1983  |7 0  |8 A  |9 230650  |a BIBHIS  |b BIBHIS  |d 2019-11-15  |i 1383841  |o 330.946 VIL 1983  |p 1383841  |r 2025-01-20  |w 2019-11-15  |y BK  |k HIS